TH-SOF-0736-AUTHENTICATED CLIENT PROVABLE DATA POSSESSION (AC-PDP) SECURITY SYSTEM FOR CLOUD COMPUTING (Record no. 578755)
[ view plain ]
| 000 -LEADER | |
|---|---|
| fixed length control field | 00402nam a22001217a 4500 |
| 082 ## - DEWEY DECIMAL CLASSIFICATION NUMBER | |
| Classification number | THE 200 |
| 100 ## - MAIN ENTRY--PERSONAL NAME | |
| Personal name | MEMOONA JAVERIA, |
| 9 (RLIN) | 72777 |
| 245 ## - TITLE STATEMENT | |
| Title | TH-SOF-0736-AUTHENTICATED CLIENT PROVABLE DATA POSSESSION (AC-PDP) SECURITY SYSTEM FOR CLOUD COMPUTING |
| 260 ## - PUBLICATION, DISTRIBUTION, ETC. | |
| Place of publication, distribution, etc. | NUST COLLEGE OF EME |
| Name of publisher, distributor, etc. | ISLAMABAD |
| Date of publication, distribution, etc. | 2001 |
| 650 ## - SUBJECT ADDED ENTRY--TOPICAL TERM | |
| Topical term or geographic name entry element | MS-CSE-9 MSTHESIS |
| 9 (RLIN) | 72778 |
| 700 ## - ADDED ENTRY--PERSONAL NAME | |
| Personal name | DR MUHAMMAD YOUNUS JAVED |
| 9 (RLIN) | 18584 |
| 942 ## - ADDED ENTRY ELEMENTS (KOHA) | |
| Koha item type | Computer Files |
| Withdrawn status | Lost status | Source of classification or shelving scheme | Damaged status | Not for loan | Permanent Location | Current Location | Shelving location | Date acquired | Full call number | Barcode | Date last seen | Price effective from | Koha item type |
|---|---|---|---|---|---|---|---|---|---|---|---|---|---|
| College of Electrical & Mechanical Engineering (CEME) | College of Electrical & Mechanical Engineering (CEME) | Reference | 03/09/2020 | THE 200 | TH-SOF-0736 | 06/28/2021 | 06/28/2021 | Reference |
